| 000 | 00612nam a2200193Ia 4500 | ||
|---|---|---|---|
| 003 | GCL | ||
| 008 | 140319s9999 xx 000 0 ara d | ||
| 040 |
_aGCL / _cGCL |
||
| 082 | 0 | 4 |
_aم _b031 _bف د |
| 100 | 1 | _aفاطمة محجوب | |
| 245 | 1 | 0 |
_aدائرة معارف الشباب / _cفاطمة محجوب |
| 260 |
_aالقاهرة : _bدار النهضة العربية ، _c1962 |
||
| 300 |
_a1199 ص ؛ _c26 سم |
||
| 490 | _a | ||
| 650 | 0 | 4 | _aدوائر المعارف |
| 650 | 0 | 4 | _aدوائر المعارف العربية |
| 650 | 0 | 4 | _aالشباب - دوائر المعارف |
| 942 |
_2ddc _cBK |
||
| 999 |
_c37108 _d37108 |
||